000 00650nam a2200241Ia 4500
003 OSt
005 20221005043650.0
006 a|||||r|||| 00| 0
007 ta
008 221004b |||||||| |||| 00| 0 eng d
024 _a103074
037 _cTextual
040 _aCRL
_cCRL
_beng
041 _2eng
_aeng
082 _aV44971.N9, Q0
100 _aMajumdar Arun Bhushan
_9591772
245 0 _aBhutan
_b Past and present
260 _aGurgaon
_bDr. Arun Bhushan Majumdar India
_c2010
300 _a182p.
_ccm.
650 _aHISTORY
942 _hV44971.N9, Q0
_cTEXL
_2cc
999 _c952210
_d952210